| 000 | 00444nam a2200169Ia 4500 | ||
|---|---|---|---|
| 003 | GCL | ||
| 008 | 140319s9999 xx 000 0 eng d | ||
| 040 |
_aGCL / _cGCL |
||
| 082 | 0 | 4 |
_aCC _b299.31 _bM R |
| 100 | 1 | _aMERCER, SAMUEL | |
| 245 | 1 | 0 |
_aTHE RELIGION OF ANCIENT EGYPT / _cMERCER, SAMUEL |
| 260 |
_a[S.N] : _bLUZAC&COMPANG ، _c1949 |
||
| 300 | _a460 P | ||
| 650 | 0 | 4 | _aRELIGION |
| 650 | 0 | 4 | _aANCIENT EGYPTIAN, RELIGION |
| 942 |
_2ddc _cBK |
||
| 999 |
_c20310 _d20310 |
||